000 00575nam a2200193Ia 4500
003 IN-BaIIA
008 211028s9999 xx 000 0 eng d
040 _cIIA Library
080 _a51:62+53
_bPIP
100 _aPipes, Louis A
_933879
245 0 _aApplied mathematics for engineers and physicists
_cLouis A. Pipes
260 _aNew York
_bMcGraw-Hill
_c1946
300 _a618p.
650 _aAstronomy and astrophysics thesaurus
650 _aAtlas - solar Spectrum
_93118
650 _aSolar spectrum Atlas
_93119
650 _aSpectral resolution
_913072
942 _cBK
999 _c18689
_d18689